书目信息 |
| 题名: |
宝石人工合成技术
|
|
| 作者: | 何雪梅 , 沈才卿 编著 | |
| 分册: | ||
| 出版信息: | 北京 化学工业出版社 2010 |
|
| 页数: | 180页, [4] 页图版 | |
| 开本: | 26cm | |
| 丛书名: | ||
| 单 册: | ||
| 中图分类: | TQ164 | |
| 科图分类: | ||
| 主题词: | 宝石--bao shi--人工合成 | |
| 电子资源: | ||
| ISBN: | 978-7-122-08032-5 | |
| 000 | 01033nam0 2200277 450 | |
| 001 | 012001000742 | |
| 005 | 20191108084418.31 | |
| 010 | @a978-7-122-08032-5@dCNY38.00 | |
| 099 | @aCAL 012010150989 | |
| 100 | @a20100622d2010 em y0chiy0121 ea | |
| 101 | 0 | @achi |
| 102 | @aCN@b110000 | |
| 105 | @aafk a 000yy | |
| 106 | @ar | |
| 200 | 1 | @a宝石人工合成技术@Abao shi ren gong he cheng ji shu@f何雪梅, 沈才卿编著 |
| 205 | @a第2版 | |
| 210 | @a北京@c化学工业出版社@d2010 | |
| 215 | @a180页, [4] 页图版@c图 (部分彩图)@d26cm | |
| 320 | @a有书目 (第180页) | |
| 330 | @a本书阐述了人工合成宝石的概念、原理和方法,着重介绍了人工合成钻石、翡翠、红宝石、蓝宝石、祖母绿、欧泊、绿松石、青金石、尖晶石、钛酸锶、立方氧化锆、钇铝榴石、夜光宝石等的生产工艺、设备以及产品特征,并简单介绍了各种人工合成宝石的鉴别方法。 | |
| 606 | 0 | @a宝石@Abao shi@x人工合成 |
| 690 | @aTQ164@v4 | |
| 701 | 0 | @a何雪梅@Ahe xue mei@4编著 |
| 701 | 0 | @a沈才卿@Ashen cai qing@4编著 |
| 801 | 0 | @aCN@b北京卓展文化@c20191020 |
| 905 | @b1196751-4@dTQ164@e4=2@f4 | |
| 宝石人工合成技术/何雪梅, 沈才卿编著.-第2版.-北京:化学工业出版社,2010 |
| 180页, [4] 页图版:图 (部分彩图);26cm |
| ISBN 978-7-122-08032-5:CNY38.00 |
| 本书阐述了人工合成宝石的概念、原理和方法,着重介绍了人工合成钻石、翡翠、红宝石、蓝宝石、祖母绿、欧泊、绿松石、青金石、尖晶石、钛酸锶、立方氧化锆、钇铝榴石、夜光宝石等的生产工艺、设备以及产品特征,并简单介绍了各种人工合成宝石的鉴别方法。 |
| ● |
| 相关链接 |
|
|
|
|
正题名:宝石人工合成技术
索取号:TQ164/4=2
 
预约/预借
| 序号 | 登录号 | 条形码 | 馆藏地/架位号 | 状态 | 备注 |
| 1 | 1196751 | 211967512 | 第二样本阅览室/ [索取号:TQ164/4=2] | 在馆 | |
| 2 | 1196752 | 211967521 | 第三借阅区/ [索取号:TQ164/4=2] | 在馆 | |
| 3 | 1196753 | 211967530 | 第三借阅区/ [索取号:TQ164/4=2] | 在馆 | |
| 4 | 1196754 | 211967549 | 第三借阅区/ [索取号:TQ164/4=2] | 在馆 |